000
00299nam a22001337a 4500
003
SGT
082
_a
617.7
_b
E06G
100
_a
GREHN, FRANZ
245
_a
ESSENTIALS IN OPHTHALMOLOGY GLAUCOMA
260
_a
NEW YORK
_b
SPRINGER
_c
2006
300
_a
193
650
_a
OPHTHALMOLOGY
942
_2
ddc
_c
BK
999
_c
14558
_d
14558